| 000 | 00674nam a2200193 i 4500 | ||
|---|---|---|---|
| 001 | 168454 | ||
| 003 | ES-MaACL | ||
| 005 | 20230906213810.0 | ||
| 008 | 080414s1879 fr |||| | fre d | ||
| 080 | _a821.133.1-2"18" | ||
| 100 | 0 |
_aScribe, Eugène. _9104966 |
|
| 245 | 1 | 0 |
_aOeuvres complétes de Eugène Scribe. _n4me série, _pOpéras-comiques. 9. |
| 260 |
_aParis : _bE. Dentu, _c1879. |
||
| 300 |
_a401 p. ; _c19 cm. |
||
| 505 | 8 | _aContiene: Zanetta. L'Opéra à la Cour. Le Guitarrero. Les Diamants de la couronne | |
| 650 | 4 |
_aÓperas- _vLibretos. _9137584 |
|
| 852 |
_aES-MaACL _jE-12234 _z.- Biblioteca Jacinto Martínez Lacalle |
||
| 852 |
_aES-MaACL _jC-18576 |
||
| 999 |
_c168454 _d168454 |
||